LEADER 01920oam 2200541M 450 001 9910716476203321 005 20200213070935.9 035 $a(CKB)5470000002521381 035 $a(OCoLC)1065616439 035 $a(OCoLC)995470000002521381 035 $a(EXLCZ)995470000002521381 100 $a20071213d1927 ua 0 101 0 $aeng 135 $aurcn||||||||| 181 $ctxt$2rdacontent 182 $cc$2rdamedia 183 $acr$2rdacarrier 200 10$aC. Tisdall Co. and others February 24, 1927. -- Committed to the Committee of the Whole House and ordered to be printed 210 1$a[Washington, D.C.] :$c[U.S. Government Printing Office],$d1927. 215 $a1 online resource (3 pages) 225 1 $aHouse report / 69th Congress, 2nd session. House ;$vno. 2243 225 1 $a[United States congressional serial set] ;$v[serial no. 8690] 300 $aBatch processed record: Metadata reviewed, not verified. Some fields updated by batch processes. 300 $aFDLP item number not assigned. 606 $aClaims 606 $aCollecting of accounts 606 $aDefense contracts 606 $aFood 606 $aGovernment contractors 606 $aLegislative amendments 606 $aWorld War, 1914-1918 608 $aLegislative materials.$2lcgft 615 0$aClaims. 615 0$aCollecting of accounts. 615 0$aDefense contracts. 615 0$aFood. 615 0$aGovernment contractors. 615 0$aLegislative amendments. 615 0$aWorld War, 1914-1918. 701 $aWinter$b Charles E$g(Charles Edwin),$f1870-1948$pRepublican (WY)$01387987 801 0$bWYU 801 1$bWYU 801 2$bOCLCO 801 2$bOCLCQ 906 $aBOOK 912 $a9910716476203321 996 $aC. Tisdall Co. and others February 24, 1927. -- Committed to the Committee of the Whole House and ordered to be printed$93489744 997 $aUNINA LEADER 02816nam 2200601 450 001 9910788765703321 005 20230626010332.0 010 $a84-9029-906-4 010 $a84-9029-644-8 035 $a(CKB)3360000000447828 035 $a(SSID)ssj0001030665 035 $a(PQKBManifestationID)11554413 035 $a(PQKBTitleCode)TC0001030665 035 $a(PQKBWorkID)11073232 035 $a(PQKB)10369751 035 $a(MiAaPQ)EBC3207136 035 $a(OCoLC)1010636462 035 $a(FlNmELB)ELB56607 035 $aEBL7007165 035 $a(AU-PeEL)EBL7007165 035 $a(MiAaPQ)EBC7051578 035 $a(Au-PeEL)EBL7051578 035 $a(MiAaPQ)EBC7007165 035 $a(EXLCZ)993360000000447828 100 $a20230626d2012 uy 0 101 0 $aspa 135 $aurcnu|||||||| 181 $ctxt 182 $cc 183 $acr 200 13$aLa alfabetizacio?n media?tica y la Ley general de comunicacio?n audiovisual Espan?a /$fJuan Carlos Gavara de Cara and Jose? Manuel Pe?rez Tornero 210 1$aBarcelona, Spain :$cEditorial UOC,$d[2012] 210 4$d©2012 215 $a1 online resource (161 pa?ginas) $cilustraciones 225 1 $aMedia literacy (Editorial UOC) 300 $aBibliographic Level Mode of Issuance: Monograph 311 $a84-9788-512-0 320 $aContiene bibliografi?a. 330 8 $aSi la sociedad de la comunicación global ha venido acompañada de promesas desmesuradas y de utopías todavía incumplidas, hoy día es obligatorio examinar y evaluar por qué ha sido así. Es ya un imperativo. No podemos, cuando la técnica es tan decisiva en nuestras vidas, abandonarnos a una confianza ciega en la tecnología, y tampoco la docilidad ante sus determinaciones puede seguir siendo nuestro comportamiento habitual. Se trataría, justamente, de lo contrario, de sustituir la confianza ciega por el espíritu crítico, reflexivo y metodológicamente científico, por un lado, y la docilidad por la autonomía de acción. Necesitamos, por tanto, desarrollar una actitud consciente, capaz de sopesar los efectos positivos y negativos de los cambios y, sobre todo, capaz de inspirar nuevos desarrollos técnicos y nuevos cursos de acción que se acomoden a las aspiraciones del ser humano. 410 0$aMedia literacy (Editorial UOC) 517 3 $aLey general de comunicacio?n audiovisual Espan?a 606 $aLanguage arts 615 0$aLanguage arts. 676 $a016.37 700 $aGavara de Cara$b Juan Carlos$0528695 702 $aPe?rez Tornero$b J. M. 801 0$bMiAaPQ 801 1$bMiAaPQ 801 2$bMiAaPQ 906 $aBOOK 912 $a9910788765703321 996 $aLa alfabetizacio?n media?tica y la Ley general de comunicacio?n audiovisual Espan?a$93835367 997 $aUNINA LEADER 01807nas 2200421 n 450 001 990008948400403321 005 20240229084340.0 011 $a0045-9321 035 $a000894840 035 $aFED01000894840 035 $a(Aleph)000894840FED01 035 $a000894840 091 $2CNR$aP 00026134 100 $a20090724b19721974km-y0itaa50------ba 101 0 $aeng 102 $aUS 110 $aauu-------- 200 1 $aCurrent physics advance abstracts. Nuclei and particles 207 1$a1972-1974 210 $aNew York$cAmerican Institute of Physics;Institute of Electrical Engineers 440 0$12001$aCurrent physics index 530 0 $aCurrent physics advance abstracts. Nuclei and particles 675 $a539.12 675 $a539.14 675 $a016 676 $a539.7 712 02$aAmerican Institute of Physics 712 02$aInstitution of Electrical Engineers 801 0$aIT$bACNP$c20090723 859 4 $uhttp://acnp.cib.unibo.it/cgi-ser/start/it/cnr/dc-p1.tcl?catno=16631&person=false&language=ITALIANO&libr=&libr_th=unina1$zBiblioteche che possiedono il periodico 901 $aSE 912 $a990008948400403321 958 $aBiblioteca "Roberto Stroffolini" - Dipartimento di Scienze Fisiche dell'Università Federico II$b1972;$fFI1 959 $aFI1 996 $aCurrent physics advance abstracts. Nuclei and particles$9797627 997 $aUNINA AP1 8 $6866-01$aNA079 Biblioteca "Roberto Stroffolini" - Dipartimento di Scienze Fisiche dell'Università Federico II$eVia Cintia-Monte S. Angelo, 80126 Napoli (NA)$m081.676253;676756;676443$m081.676434$nit AP2 40$aacnp.cib.unibo.it$nACNP Italian Union Catalogue of Serials$uhttp://acnp.cib.unibo.it/cgi-ser/start/it/cnr/df-p.tcl?catno=16631&language=ITALIANO&libr=&person=&B=1&libr_th=unina&proposto=NO